| 000 | 01528cam a2200361 a 4500 | ||
|---|---|---|---|
| 999 |
_c173104 _d173104 |
||
| 001 | 14328404 | ||
| 003 | Nust | ||
| 005 | 20180117090020.0 | ||
| 008 | 060404s2006 enk b 001 0 eng | ||
| 010 | _a 2006011402 | ||
| 020 | _a9781845429287 (hardcover) | ||
| 020 | _a1845429281 (hardcover) | ||
| 040 |
_aDLC _cDLC _dDLC |
||
| 042 | _apcc | ||
| 043 | _aa------ | ||
| 050 | 0 | 0 |
_aHC415.P6 _bP686 2006 |
| 082 | 0 | 0 |
_a339.4/6095 _222 |
| 245 | 0 | 0 |
_aPoverty strategies in Asia : _ba growth plus approach / _cedited by Haider A. Khan and John Weiss. |
| 260 |
_aCheltenham, UK ; _aNorthampton, MA : _bEdward Elgar, _c2006. |
||
| 300 |
_axii, 314 p. ; _c24 cm. |
||
| 500 | _a"A joint publication of the Asian Development Bank Institute and Edward Elgar Publishing." | ||
| 504 | _aIncludes bibliographical references (p. 299) and index. | ||
| 650 | 0 |
_aPoverty _zAsia. |
|
| 651 | 0 |
_aAsia _xEconomic policy. |
|
| 700 | 1 | _aKhan, Haider. | |
| 700 | 1 |
_aWeiss, John, _d1948- |
|
| 710 | 2 | _aAsian Development Bank Institute. | |
| 856 | 4 | 1 |
_3Table of contents only _uhttp://www.loc.gov/catdir/toc/ecip0611/2006011402.html |
| 906 |
_a7 _bcbc _corignew _d1 _eecip _f20 _gy-gencatlg |
||
| 942 |
_2ddc _cBK |
||